00346nam a2200145Ia 4500008004100000020002100041041000800062082001100070100001900081260002900100245003200129250000600161300000800167650002500175220805s9999 xx 000 0 und d a978-0091-89460-3 aeng a153.42 aEdward, Debono aLondonbVermillionc2004 aHow to have a beatiful mind a1 a231 aThought and thinking